Quản trị sản xuất và dịch vụ /
Nhập môn về quản trị và dịch vụ; Dự báo, quyết định về sản phẩm, dịch vụ, công suất, công nghệ và thiết bị; Xác định địa điểm của doanh nghiệp; Những chiến thuật hoạch định tổng hợp; Lập lịch trình sản xuất, quản trị tồn kho......
Saved in:
| Main Author: | |
|---|---|
| Format: | Book |
| Language: | Vietnamese |
| Published: |
[Kn] :
[Kn],
2000.
|
| Subjects: | |
| Tags: |
Add Tag
No Tags, Be the first to tag this record!
|
| Institutions: | Mạng thư viện Đại học Đà Nẵng |
|---|
| LEADER | 01262cam a2200361 i 4500 | ||
|---|---|---|---|
| 001 | 000043183 | ||
| 003 | 1058 | ||
| 005 | 20041029150041.0 | ||
| 008 | 010217b2000 vm 000 vie | ||
| 020 | |c 26000 | ||
| 040 | |a IRC |c IRC |d IRC | ||
| 041 | 0 | |a vie | |
| 082 | 1 | 4 | |a 658.5 |b ĐÔ-P |
| 100 | 1 | |a Đồng Thị Thanh Phương, |c GS. | |
| 245 | 1 | 0 | |a Quản trị sản xuất và dịch vụ / |c Đồng Thị Thanh Phương. |
| 260 | |a [Kn] : |b [Kn], |c 2000. | ||
| 300 | |a 323 tr. ; |c 20 cm. | ||
| 520 | 3 | |a Nhập môn về quản trị và dịch vụ; Dự báo, quyết định về sản phẩm, dịch vụ, công suất, công nghệ và thiết bị; Xác định địa điểm của doanh nghiệp; Những chiến thuật hoạch định tổng hợp; Lập lịch trình sản xuất, quản trị tồn kho... | |
| 630 | 0 | 4 | |a Kinh tế. |
| 630 | 0 | 4 | |a Quản trị chiến lược. |
| 630 | 0 | 4 | |a Quản trị sản xuất. |
| 650 | 0 | 4 | |a Quản trị sản xuất. |
| 650 | 0 | 4 | |a Quản trị dịch vụ. |
| OWN | |a DUT | ||
| 999 | |a From the UDN01 | ||
| TYP | |a Monograph | ||
| TYP | |a Printed language | ||
| 980 | |a Mạng thư viện Đại học Đà Nẵng | ||